000 00469nam a2200193Ia 4500
005 20240823024042.0
008 240823s9999||||xx |||||||||||||| ||und||
041 _aENGLISH
082 _A005.82 P9
100 _aSivanesan N
245 0 _aCryptography and Network Security
250 _a1st
260 _c2009
_bLakshmi Puplications Ch
500 _aYES
650 _aCryptography
_bComputer Science
700 _a Seshatheri E
942 _cBK
999 _c183007
_d183007